00305pab a2200121 454500008004000000100002300040245005000063260000900113300001400122362000800136650001300144773002600157180718b2006 xxu||||| |||| 00| 0 eng d aRai, Santosh Kumar aRole of direct taxes in regulation of economy c2006 ap.872-75. aNov aTaxation aManagement Accountant